000 00377nam a2200157 a 4500
008 00 d19s1989slocxo r 0 slo c
040 _aSNK
_bslo
_cSNK
_eAACR2
041 1 _aslo
044 _axo
_cSK
100 1 _aVeselý, Jiří
245 1 0 _aMalá encyklopedie šachu
260 _aPraha/Bratislava
_bOlympia/Šport
_c1989
300 _a430 s.
020 _c43
958 _aA
999 _c18620
_d18620